TV Title Fill-In-The-Blank II Quiz Stats

 Plays Quiz Updated Aug 6, 2017

Challenge
Share
Tweet
Embed
Score 0/40 Timer 04:00
0 Plays Today
Title % Correct
Saturday _____ LiveNight
98.4%
Saved By the _____Bell
97.7%
Buffy the _____ SlayerVampire
97.2%
The _____ Of HazzardDukes
96.6%
_____ Loves RaymondEverybody
96.4%
So You Think You Can _____Dance
96.3%
America's Funniest Home _____Videos
95.8%
Six Feet _____Under
95.6%
Little _____ on the PrairieHouse
95.5%
_____ of FortuneWheel
95.3%
The _____ BunchBrady
94.8%
The Price Is _____Right
94.7%
Everybody _____ ChrisHates
94.7%
The ____ Van Dyke ShowDick
93.5%
Gilligan's _____Island
92.3%
Married ..... With _____Children
92.3%
_____ of our LivesDays
92.1%
Will & _____Grace
91.7%
It's _____ Sunny in PhiladelphiaAlways
91.3%
The _____ of QueensKing
91%
Title % Correct
The _____ RangerLone
90.2%
The _____ HillbilliesBeverly
87.7%
_____ and ButtheadBeavis
87.5%
_____ Night LightsFriday
86.9%
Arrested _____Development
86.3%
Degrassi: The _____ GenerationNext
85.7%
_____ Makeover: Home EditionExtreme
85.7%
I _____ of JeannieDream
83%
Curb Your _____Enthusiasm
82.9%
All in the _____Family
82.2%
The West _____Wing
79.5%
Rules of _____Engagement
79.2%
21 Jump _____Street
79%
_____, Texas RangerWalker
77.8%
The Colbert _____Report
77.7%
Avatar: The Last _____Airbender
64.4%
Joanie Loves _____Chachi
62.4%
Are You _____ Served?Being
54.4%
_____ 54 Where are You?Car
46%
The _____ Of Eddie's FatherCourtship
25.4%

You're not logged in!

Compare scores with friends on all Sporcle quizzes.
Join for Free
OR
Log In

You Might Also Like...

Show Comments

Extras

Top Quizzes Today


Score Distribution

Your Account Isn't Verified!

In order to create a playlist on Sporcle, you need to verify the email address you used during registration. Go to your Sporcle Settings to finish the process.

Report this User

Report this user for behavior that violates our Community Guidelines.

Details: